Ветер в ивах (Запись № 11857802)

Подробности
000 -МАРКЕР
контрольное поле 01542nam0a2200325 4500
001 - ИДЕНТИФИКАТОР ЗАПИСИ
контрольное поле RU\NLR\BIBL_A\011798187
005 - ИДЕНТИФИКАТОР ВЕРСИИ
контрольное поле 20260607064205.0
010 ## - МЕЖДУНАРОДНЫЙ СТАНДАРТНЫЙ НОМЕР КНИГИ (ISBN)
Номер (ISBN) 978-5-389-14599-3
Тираж 5000
021 ## - НОМЕР ГОСУДАРСТВЕННОЙ РЕГИСТРАЦИИ
Код страны Российская Федерация
Номер КН-П-18-062521
Номер Листа государственной регистраци КН-П-18-4498
021 ## - НОМЕР ГОСУДАРСТВЕННОЙ РЕГИСТРАЦИИ
Код страны Российская Федерация
Номер КН-П-20-015455
Номер Листа государственной регистраци КН-П-20-5342
035 ## - ДРУГИЕ СИСТЕМНЫЕ НОМЕРА
Идентификатор записи (NLR Aleph) 011798187
035 ## - ДРУГИЕ СИСТЕМНЫЕ НОМЕРА
Идентификатор записи (RuMoRGB)009723913
100 ## - ДАННЫЕ ОБЩЕЙ ОБРАБОТКИ
Данные общей обработки 20180924d2018 c y0rusy50 ca
101 1# - ЯЗЫК РЕСУРСА
Язык текста, звукозаписи и т.д. русский
Язык оригинала английский
102 ## - СТРАНА ПУБЛИКАЦИИ ИЛИ ПРОИЗВОДСТВА
Страна публикации Российская Федерация
105 ## - ПОЛЕ КОДИРОВАННЫХ ДАННЫХ: ТЕКСТОВЫЕ МАТЕРИАЛЫ, МОНОГРАФИЧЕСКИЕ
Кодированные данные о монографическом текстовом документе a z 000ay
200 1# - ЗАГЛАВИЕ И СВЕДЕНИЯ ОБ ОТВЕТСТВЕННОСТИ
Основное заглавие Ветер в ивах
Сведения, относящиеся к заглавию по книге Кеннета Грэма
-- [адаптировано для самостоятельного чтения
-- для младшего школьного возраста]
Первые сведения об ответственности адаптированный текст Джульет Стенли
Последующие сведения об ответственности перевод с английского Светланы Чулковой
-- иллюстрации Роберта Ингпена
210 ## - ПУБЛИКАЦИЯ, РАСПРОСТРАНЕНИЕ И ДР.
Место издания, распространения и т.д. Москва
Имя издателя, распространителя и т. д. Махаон
-- Азбука-Аттикус
Дата издания, распространения и т.д. 2018
215 ## - ФИЗИЧЕСКАЯ ХАРАКТЕРИСТИКА
Специфическое обозначение материала и объем 101, [2] с.
Другие сведения о физической характеристике цв. ил.
Размеры 25
333 ## - ПРИМЕЧАНИЯ ОБ ОСОБЕННОСТЯХ РАСПРОСТРАНЕНИЯ И ИСПОЛЬЗОВАНИЯ
Текст примечания 0+
686 0# - ИНДЕКСЫ ДРУГИХ КЛАССИФИКАЦИЙ
Индекс Ш9(4Вл)60-4
700 #1 - ИМЯ ЛИЦА - ПЕРВИЧНАЯ ОТВЕТСТВЕННОСТЬ
Материалы, к которым относится поле rus
Графика поля Кириллица
Начальный элемент ввода Грэм
Часть имени, кроме начального элемента ввода К.
Даты 1859-1932
Расширение инициалов личного имени Кеннет
Идентификатор авторитетной/нормативной записи RU\NLR\AUTH\7723575
Системный номер авторитетной/нормативной записи 6628
702 #1 - ИМЯ ЛИЦА - ВТОРИЧНАЯ ОТВЕТСТВЕННОСТЬ
Код отношения Автор адаптации
Графика поля Кириллица
Материалы, к которым относится поле rus
Начальный элемент ввода Стэнли
Часть имени, кроме начального элемента ввода Д.
Расширение инициалов личного имени Джульет
Системный номер авторитетной/нормативной записи 263379
Идентификатор авторитетной/нормативной записи RU\NLR\AUTH\770263435
702 #1 - ИМЯ ЛИЦА - ВТОРИЧНАЯ ОТВЕТСТВЕННОСТЬ
Код отношения Карикатурист, Художник
Графика поля Кириллица
Материалы, к которым относится поле rus
Начальный элемент ввода Ингпен
Часть имени, кроме начального элемента ввода Р.
Даты 1936-
Расширение инициалов личного имени Роберт
Системный номер авторитетной/нормативной записи 150536
Идентификатор авторитетной/нормативной записи RU\NLR\AUTH\770150573
942 ## - ДОПОЛНИТЕЛЬНЫЕ ЭЛЕМЕНТЫ ЗАПИСИ (АБИС)
Тип экземпляра АБИС Книга
980 ## - КОЛЛЕКЦИЯ
Название коллекции Национальная библиография
Экземпляры
Тип экземпляра Дата поступления Источник поступления Библиотека постоянного хранения Библиотека текущего хранения Место хранения Шифр хранения Штрих-код Статус экземпляра Стоимость
Книга 24.09.2018 Обязательный экземпляр РНБ (Московский) РНБ (Московский) Русский книжный фонд: издания с 1957 года 2018-7/5126 1-2461965    
Книга 24.09.2018 Обязательный экземпляр РНБ (Московский) РНБ (Московский) Обменный фонд   1-2461966   180.00
Книга 02.02.2022 Обязательный экземпляр РНБ (Московский) РНБ (Московский) Обменный фонд   1-3653285